[Event "AUT-ch U10"]
[Site "St Kanzian"]
[Date "2018.06.03"]
[Round "7.12"]
[White "Dichtl, Maximilian"]
[Black "Zeindl, Tobias"]
[Result "0-1"]
[WhiteElo "1074"]
[BlackElo "918"]
[PlyCount "38"]
[EventDate "2018.06.01"]
[EventType "swiss"]
[EventRounds "7"]
[EventCountry "AUT"]
[SourceTitle "EXT 2024"]
[Source "ChessBase"]
[SourceDate "2023.10.10"]
[SourceVersion "1"]
[SourceVersionDate "2023.10.10"]
[SourceQuality "1"]

1. e4 e6 2. d4 d5 3. Nc3 Bb4 4. exd5 exd5 5. Nf3 Bg4 6. a3 Bxc3+ 7. bxc3 Nf6 8. Bg5 h6 9. Bh4 0-0 10. h3 Bh5 11. Bxf6 Qxf6 12. Qd3 Bg6 13. Qd2 Qe7+ 14. Be2 Qe4 15. 0-0 Qxc2 16. Qxc2 Bxc2 17. Bb5 Be4 18. Nd2 Re8 19. Nxe4 dxe4 0-1

[Event "AUT-ch U10"]
[Site "St Kanzian"]
[Date "2018.06.02"]
[Round "6.11"]
[White "Rabitsch, David"]
[Black "Zeindl, Tobias"]
[Result "1-0"]
[WhiteElo "1046"]
[BlackElo "918"]
[PlyCount "63"]
[EventDate "2018.06.01"]
[EventType "swiss"]
[EventRounds "7"]
[EventCountry "AUT"]
[SourceTitle "EXT 2024"]
[Source "ChessBase"]
[SourceDate "2023.10.10"]
[SourceVersion "1"]
[SourceVersionDate "2023.10.10"]
[SourceQuality "1"]

1. e4 e6 2. d3 Nf6 3. Nd2 Bb4 4. c3 Bc5 5. Ngf3 Nc6 6. e5 Ng4 7. d4 Bb6 8. h3 Nh6 9. Bb5 0-0 10. 0-0 a6 11. Bxc6 dxc6 12. Nc4 Nf5 13. Nxb6 cxb6 14. Qe2 c5 15. Be3 Nxe3 16. fxe3 Bd7 17. Qd3 Bb5 18. c4 Bc6 19. Qe2 Bxf3 20. Qxf3 f6 21. Qg3 fxe5 22. Rxf8+ Qxf8 23. Qxe5 cxd4 24. Qxe6+ Kh8 25. exd4 Re8 26. Qg4 h6 27. Rf1 Qe7 28. b3 Qe3+ 29. Kh1 Re4 30. Rf8+ Kh7 31. Qf5+ g6 32. Qf7# 1-0